Jazz v S-Clube Levice

Bibliographic Details
Main Author: Németh, L. (Author)
Format: Article
Language:Slovak
Subjects:

MARC

LEADER 00000nab a2200000 a 4500
001 vtls000753321
003 SK-MaSNL
005 20260302192334.0
008 180205c2001 xo 0 slo
015 |a SNBRB2001/04-10850 
035 |a CLN000105108 
040 |a SNKBUCL  |b slo  |c SNKBUCL  |e AACR2 
041 0 |a slo 
044 |a xo  |c SK 
080 |a 78:061.237(437.6)  |2 UDC-MRF-SK2 
100 1 |a Németh, L.  |4 aut  |9 794766 
245 1 0 |a Jazz v S-Clube Levice  |c L. Németh 
300 |b Fotogr. 
610 7 |a S-Club (Levice, Slovensko)  |2 snkbucl  |9 909332 
655 7 |a články z novín a časopisov  |2 snkbucl  |9 267496 
773 0 |t Muzikant  |g Roč. 2, č. 1 (2001), s. 11 
850 |a Slovenská národná knižnica v Martine 
852 |a SNK  |b KIS3GCP 
958 |a RBX 
999 |c 1440413  |d 1442343